000 00949cam a2200181 4500
001 ##J129033
008 #DATE n 000 0 eng u
035 _a(Sirsi) u129033
041 0 _aeng
100 1 _aPhillimore, R. H.
245 0 0 _aHistorical records of the survey of India
260 _aDehra Dun
_bSurveyor General of India
_c1945-58
300 _a4
_fv.
_bill.
_c30cm.
520 _aThe definitive history of the survey of India describing how the subcontinent was mapped from the 18th century until the great trigonometrical survey under Everest and his predecessors. The series provides an invaluable insight into surveying instruments and techniques at this time, as well as providing a record of the work itself. Each volume includes maps, references to source material and amendments to previous volumes.
651 4 _aINDIA
690 _aENVIRONMENTAL AND LAND CONSULTANCY-GEOMATICS-MAPPING AND POSITIONING-CARTOGRAPHY
942 _n0
999 _c104090
_d104090